Pele's Top "100" Footballers - Statistics

General Stats
  • This quiz has been taken 328 times
  • The average score is 46 of 125
Answer Stats
Hint Answer Position Born % Correct
Argentina Diego Maradona MF 1960
89%
Brazil Ronaldo FW 1976
81%
Hungary Ferenc Puskás FW 1927
75%
Ghana Abédi Pelé FW 1964
73%
Brazil Pelé FW 1940
71%
Netherlands Johan Cruyff FW 1947
70%
Brazil Ronaldinho MF/FW 1980
68%
France Zinedine Zidane MF 1972
67%
Northern Ireland George Best MF 1946
65%
Italy Paolo Maldini DF 1968
64%
Brazil Roberto Carlos DF 1973
64%
Germany Gerd Müller FW 1945
63%
Liberia George Weah FW 1966
62%
Bulgaria Hristo Stoichkov FW 1966
62%
Denmark Peter Schmeichel GK 1963
62%
Italy Gianluigi Buffon GK 1978
61%
Netherlands Marco van Basten FW 1964
61%
England Bobby Charlton MF 1937
60%
Portugal Eusébio FW 1942
60%
Germany Franz Beckenbauer SW 1945
60%
Germany Oliver Kahn GK 1969
60%
Netherlands Ruud Gullit MF 1962
59%
France Thierry Henry FW 1977
59%
Brazil Rivaldo MF 1972
58%
Denmark Brian Laudrup FW 1969
56%
Denmark Michael Laudrup MF 1964
56%
Ukraine Andriy Shevchenko FW 1976
54%
England David Beckham MF 1975
53%
France Michel Platini MF 1955
53%
Czech Republic Pavel Nedvěd MF 1972
53%
Brazil Zico MF/FW 1953
53%
Mexico Hugo Sánchez FW 1958
52%
Croatia Davor Šuker FW 1968
51%
Portugal Luís Figo MF 1972
51%
Ireland Roy Keane MF 1971
51%
Argentina Alfredo Di Stéfano FW 1926
49%
Italy Franco Baresi DF/SW 1960
49%
Argentina Gabriel Batistuta FW 1969
49%
Romania Gheorghe Hagi MF 1965
49%
Germany Lothar Matthäus MF/SW 1961
48%
Brazil Romário FW 1966
48%
Italy Alessandro Nesta DF 1976
47%
Brazil Cafu DF 1970
47%
Brazil Carlos Alberto DF 1944
47%
Italy Roberto Baggio FW/MF 1967
47%
England Alan Shearer FW 1970
46%
Netherlands Frank Rijkaard MF/DF 1962
44%
Nigeria Jay-Jay Okocha MF 1973
44%
England Michael Owen FW 1979
44%
Netherlands Ruud van Nistelrooy FW 1976
43%
Brazil Sócrates MF 1954
43%
England Gary Lineker FW 1960
42%
Spain Raúl FW 1977
42%
England Gordon Banks GK 1937
41%
Argentina Hernán Crespo FW 1975
41%
Italy Alessandro Del Piero FW 1974
40%
France Marcel Desailly DF 1968
39%
Portugal Rui Costa MF 1972
39%
France Lilian Thuram DF 1972
38%
Italy Paolo Rossi FW 1956
38%
France David Trezeguet FW 1977
37%
Colombia Carlos Valderrama MF 1961
36%
Netherlands Dennis Bergkamp FW 1969
36%
Italy Dino Zoff GK 1942
36%
Italy Francesco Totti FW/MF 1976
36%
Scotland Kenny Dalglish FW 1951
36%
Japan Hidetoshi Nakata MF 1977
35%
France Patrick Vieira MF 1976
35%
France Didier Deschamps MF 1968
34%
Argentina Javier Zanetti DF/MF 1973
34%
France Just Fontaine FW 1933
33%
Germany Karl-Heinz Rummenigge FW 1955
33%
Cameroon Roger Milla FW 1952
33%
Netherlands Clarence Seedorf MF 1976
32%
Argentina Mario Kempes FW 1954
32%
Spain Emilio Butragueño FW 1963
31%
South Korea Hong Myung-bo DF 1969
31%
Germany Michael Ballack MF 1976
31%
Germany Jürgen Klinsmann FW 1964
30%
Argentina Juan Sebastián Verón MF 1975
29%
Netherlands Edgar Davids MF 1973
28%
France Eric Cantona FW 1966
28%
Netherlands Patrick Kluivert FW 1976
28%
Argentina Daniel Passarella DF 1953
27%
France Jean-Pierre Papin FW 1963
26%
France Robert Pires MF 1973
26%
France Raymond Kopa MF 1931
25%
Italy Christian Vieri FW 1973
24%
England Kevin Keegan FW 1951
23%
Brazil Rivelino MF 1946
23%
Germany Sepp Maier GK 1944
23%
Netherlands Johan Neeskens MF 1951
22%
Brazil Djalma Santos DF 1929
21%
Czech Republic Josef Masopust MF 1931
21%
Brazil Nílton Santos DF 1925
21%
Italy Gianni Rivera MF 1943
20%
Germany Uwe Seeler FW 1936
20%
Germany Paul Breitner MF/DF 1951
18%
Peru Teófilo Cubillas FW 1949
18%
Poland Zbigniew Boniek MF 1956
18%
United States Mia Hamm FW 1972*
17%
Argentina Omar Sívori FW 1935
17%
Brazil Falcão MF 1953
16%
Chile Iván Zamorano FW 1967
16%
Italy Giacinto Facchetti DF 1942
13%
Belgium Jean-Marie Pfaff GK 1953
13%
Senegal El Hadji Diouf FW 1981
12%
Argentina Javier Saviola FW 1981
11%
Spain Luis Enrique MF 1970
11%
Chile Elías Figueroa DF 1946
10%
Uruguay Enzo Francescoli FW/MF 1961
10%
France Marius Trésor DF 1950
10%
Netherlands Rob Rensenbrink FW 1947
10%
Italy Giuseppe Bergomi DF 1963
9%
Turkey Rüştü Reçber GK 1973
9%
Belgium Jan Ceulemans MF 1957
8%
Brazil Júnior MF 1954
8%
Turkey Emre Belözoğlu MF 1980
6%
Belgium Franky Van der Elst MF 1961
6%
Netherlands René van de Kerkhof MF 1951
6%
Netherlands Willy van de Kerkhof MF 1951
6%
Russia Rinat Dasayev GK 1957
4%
Italy Giampiero Boniperti FW 1928
3%
United States Michelle Akers MF/FW 1966*
3%
Paraguay Romerito FW 1960
3%
No matching quizzes found
Score Distribution
Percent of People with Each Score
Percentile by Number Answered
Your Score History
You have not taken this quiz